000 00788nam a2200205Ia 4500
008 0000001987 sp az 0000000000spa00
090 _aPUS00 F71l
100 1 _aFrangella, Luis
_d1944
245 1 0 _aLuis Frangella
_c/ fotografías Claudio Leiman
300 _a[16] p.
_c/ 14 cm.
500 _aExposición realizada en Art Basel 87 y en la Galería Buades, Madrid, Junio, 1987 \ Con el patronazgo del maestro venezolano Jesús Rafael Soto (q.e.p.d.)
600 0 0 _aFRANGELLA, LUIS, 1944 /
_xTRABAJOS PICTORICOS
650 1 4 _aARTE CONTEMPORANEO ESTADOUNIDENSE
650 1 4 _xCATALOGOS
650 1 4 _xEXPOSICIONES
650 1 4 _aPINTORES ESTADOUNIDENSES
650 1 4 _aPINTURA ESTADOUNIDENSE
700 1 _aLeiman, Claudio
999 _c1500
_d1500
260 _aMadrid : Galería Buades
_c1987